• 首页
  • 本馆介绍
  • 公告通知
  • 最新文献
  • 馆藏检索
  • 电子资源
  • 读者导购
  • 参考咨询
  • 我的图书馆
  • 登录
  • 详细信息显示
  • 放入我的书架
  • 预约/预借图书
  • 作者相关作品
  • 分类相关作品
  • 丛书相关作品
  • 出版社相关作品

书目信息

  • 表格格式
  • 工作单格式
  • 卡片格式
题名:
世界上古史纲
    
 
作者: ;《世界上古史纲》编写组 著
分册: 下册  
出版信息: 北京   人民出版社  1981.8
页数: 430页
开本: 20cm
丛书名:
单 册:
中图分类: K11
科图分类:
主题词: 世界史:上古史
电子资源:
ISBN:
000 00574nam0 2200193 45
001 0312221749
005 20060726112847.14
010    @dCNY1.25
091    @a11001.413
100    @a20031222d1981 km y0chiy0120 ea
101    @achi
200 1  @a世界上古史纲@AShi Jie Shang Gu Shi Gang@h下册@f《世界上古史纲》编写组著@F《Shi Jie Shang Gu Shi Gang》Bian Xie Zu Zhu
210    @a北京@c人民出版社@d1981.8
215    @a430页@d20cm
606 0  @a世界史:上古史
690    @aK11@v3
711 02 @a《世界上古史纲》编写组@4著
801    @aCN@bTSTCL@c20060726
905    @dK11@e16:2@f1@b60238
    
    世界上古史纲.下册/《世界上古史纲》编写组著.-北京:人民出版社,1981.8
    430页;20cm
    
    
    ISBN :CNY1.25
    
●
相关链接 在E读中查询图书 在五车中查询图书 在当当中查询图书 在豆瓣中查询图书


正题名:世界上古史纲     索取号:K11/16:2         预约/预借

序号 登录号 条形码 馆藏地/架位号 状态 备注
1 0060238   001974741   密集书库/ [索取号:K11/16:2] 在馆    
2 0060239   001417531   密集书库/ [索取号:K11/16:2] 在馆    
3 0060240   001901026   密集书库/ [索取号:K11/16:2] 在馆    
4 0436428   204364286   密集书库/ [索取号:K11/16:2] 在馆    
唐山师范学院图书馆 欢迎您!
大连网信软件有限公司© 版权所有